| 000 | 00875nab a22002297a 4500 | ||
|---|---|---|---|
| 003 | BR-BrBNA | ||
| 005 | 20240221154918.0 | ||
| 008 | 240221b bl.||||| |||| 00| 0 por d | ||
| 040 |
_aBR-BrBNA _bpor |
||
| 072 |
_aF01 ; J10 ; Q02 _b0160 ; 9290 ; 9205; 8954 |
||
| 100 | _aMinzon, Damaris B. | ||
| 100 | _aFrattini, Jurandyr A. (cons.) | ||
| 245 | _aCenteio, uma cultura pouco exigente | ||
| 500 | _a4 ref.; 1 illus. | ||
| 650 | _aCENTEIO | ||
| 650 | _aCEREAL | ||
| 650 | _aFARINHA | ||
| 650 | _aFORRAGEM | ||
| 773 | 0 |
_01330 _9275249 _dCampinas-SP Coordenadoria de Assistência Técnica Integral - CATI - Centro de Comunicação Rural e Treinamento - CECORT 1979. Data final de publicação em 1990 _o2023-437055 _tCasa da Agricultura (Brazil) _x0100-6541 _gv. 2(3) p. 26-27 (May-Jun 1980) _wBR2023002411 |
|
| 942 | _cAnalítica | ||
| 999 |
_c298562 _d298562 |
||